Plr 2000 : (Record no. 619882)

MARC details
000 -LEADER
fixed length control field 00432nam a2200169 a 4500
008 - FIXED-LENGTH DATA ELEMENTS--GENERAL INFORMATION
fixed length control field 260424s2001##################000#0#eng##
020 ## - INTERNATIONAL STANDARD BOOK NUMBER
ISBN 9780728203433
082 04 - DEWEY DECIMAL CLASSIFICATION NUMBER
Classification number 344.20645DEN.4
100 1# - MAIN ENTRY--AUTHOR NAME
Personal name Denyer-Green, Barry,
245 10 - TITLE STATEMENT
Title Plr 2000 :
260 ## - PUBLICATION, DISTRIBUTION, ETC. (IMPRINT)
Name of publisher Estate Gazette,
Year of publication 2001.
942 ## - ADDED ENTRY ELEMENTS (KOHA)
Koha item type English Books
Holdings
Withdrawn status Lost status Damaged status Not for loan Home library Current library Date acquired Full call number Accession Number Price effective from Koha item type
        Anna Centenary Library Anna Centenary Library 24.04.2026 344.20645DEN.4 292827 24.04.2026 English Books

Find us on the map